000
00248nam a2200109Ia 4500
008
190216s9999||||xx |||||||||||||| ||und||
100
_a
Mirnov
245
0
_a
Upariganitha Padhadi
260
_b
Bhasha Institute
650
_a
Mathematics
942
_c
BK
999
_c
38349
_d
38349